000 00729nam a22002297a 4500
999 _c13392
_d13392
003 MIRAKIL
005 20211214000615.0
008 190708b tu ||||| |||| 00| 0 tur d
020 _a975343233x
040 _aTR-AnCHP
_cTR-AnCHP
041 _atur
082 _aATA 956.1024
_bA72 1998
245 1 0 _aAtatürk'ün İstanbul'daki çalışmaları /
_cderleyen Sadi Borak.
250 _a2.bs.
260 _aİstanbul:
_bKaynak Yayınları,
_c1998.
300 _a288 s.:
_c20 sm.
490 0 _aKaynak Yayınları;
_v255.
504 _aDizin vardır.
600 1 4 _91465
_aAtatürk, Gazi Mustafa Kemal
_d1881-1938
_xyaşamöyküsü
_y1899-1919
650 0 _aSiyaset ve yönetim
_xTürkiye
_y1899-1919
_zTürkiye
_99
942 _2ddc
_cBKS